000 00734nam a2200229Ii 4500
003 JO-AjNU
008 230605s9999||||xx |||||||||||||| ||und||
017 _a2002/14276
020 _a977-01-8016-5
040 _aJO-AjNU
_bara
_erda
_cJO-AjNU
041 _aara
050 1 4 _aPJ7642.C58.S9822 2002
100 3 _aسويلم، أحمد,
_eauthor
_912956
245 0 0 _aأطفالنا في عيون الشعراء
264 3 1 _aالقاهرة: وزارة الثقافة، 2002
300 _a234ص
336 _atext
_btxt
_2rdacontent
337 _aunmediated
_bn
_2rdamedia
338 _avolume
_bnc
_2rdacarrier
490 0 _aسلسلة الاعمال الابداعية
650 4 _aالشعر العربي - الاطفال
_912957
999 _aA3099
_c6667
_d6667